000 00876nam a22002417a 4500
999 _c2159
_d2159
003 AR-CdUCM
008 190304b ||||| |||| 00| 0 spa d
020 _a978-84-270-0245-6
040 _aMUNICIPALIDAD PROVINCIAL DEL CUSCO
_cBIBLIOTECA MUNICIPAL DEL CUSCO
041 _heng
082 _a848.9 /
_bB72
100 _aBonnecarrère, Paul
_97795
245 _aRosebud /
260 _aBarcelona :
_bNueva Fontana,
_c1974.
300 _a367 páginas ;
_c20 cm.
500 _aUna novela sobre el secuestro más sensacional llevado a cabo por una organización terrorista. Paul Bonnecarrère representa, en la novelística francesa, la capacidad de llevar la tensión dramática hasta sus últimas posibilidades.
650 _aNovela
_95
650 _aLiteratura
_983
650 _aEuropa
_91221
650 _aEstados Unidos
_91805
942 _2ddc
_cLIBROS
945 _admma